| 000 | 00669nam a2200205Ii 4500 | ||
|---|---|---|---|
| 001 | 15740 | ||
| 003 | CO-ViMGA | ||
| 008 | 241108s9999||||xx |||||||||||||| ||und|| | ||
| 040 |
_aCO-ViMGA _bspa _erda _cCO-ViMGA |
||
| 041 | 0 | _aspa | |
| 082 | 0 | 4 | _a369.4 I45m |
| 110 | 1 |
_aIglesia Católica. Consejo Episcopal Latinoamericano. Departamento de Laicos. _952931 |
|
| 245 | 1 | 0 |
_aLa mujer en América Latina : _ben búsqueda de su identidad |
| 264 | 1 | _aBogotá, Colombia : CELAM, 1994 | |
| 300 | _avolumen | ||
| 336 |
_atext _btxt _2rdacontent |
||
| 337 |
_aunmediated _bn _2rdamedia |
||
| 338 |
_avolume _bnc _2rdacarrier |
||
| 940 | _aidficha_siabuc: 15424. -- ficha_no_siabuc:15740 | ||
| 999 |
_c48121 _d48121 |
||